000 00605cas a22002175a 4500
001 L98972
008 070627c1998 at qr p 0 a0eng
022 1 _a1441-4929
035 _a(Sirsi) u98972
041 0 _aeng
110 2 _aAustralian Property Institute
_94013
245 0 0 _aAustralian Property Journal
260 _aDeakin
_bAustralian Property Institute
_c1998-
362 _a35(3) August 1998-38(4) November 2004
554 _aFour per year
651 4 _aAustralia
690 _aPROPERTY-COMMERCIAL PROPERTY
780 0 0 _tValuer and Land Economist
942 _n0
948 _c20/01/1995
999 _c118607
_d118607